000 00471nam a2200181Ia 4500
001 8651
005 20260306160625.0
008 260306t1991||||xx |||||||||||||| ||spa||
041 _aESP
082 _a371.207
_bL32
100 _aLázaro, Emilio
_eAUT
245 0 _aLa nueva ordenación del sistema educativo. Guía práctica para su conocimiento
260 _c1991
300 _a80 páginas :
_c21 cm.
650 _aGEN
654 _aCED
942 _cLIB
_dJUS
_fJUS
_2ddc
_n
999 _c8651
_d8651